Statistiques concernant One Piece - Utilisateurs de Logia

Cliquez ici pour prendre le quiz!

Statistiques générales

  • Ce quiz a été pris 6 864 fois
    (6 834 depuis la dernière actualisation)
  • Le résultat moyen est 8 sur 12

Statistiques - réponses

Nom% Correct
Sakazuki Akainu
94%
Kuzan Aokiji
92%
Portgas D. Ace
91%
Borsalino Kizaru
89%
Crocodile
73%
Sabo
73%
Ener
67%
Smoker
65%
Marshall D. Teach
64%
Caribou
41%
Mone
40%
César Clown
28%

Distribution des résultats

Percentile par nombre de réponses

% des personnes avec chaque résultat

Votre développement - résultats

Vous n’avez pas pris ce quiz depuis la dernière actualisation